000 01285nam a22003490a 4500
001 PT44199
003 AR-LpoUNG
005 20210131231020.0
008 191001s2012||||ag |||||||||||||||||spa d
020 _a9789505576531
_c$7.80
040 _aAR-LpoUNG
_bspa
_cAR-LpoUNG
_eaacr
041 _aspa
044 _aag
082 0 _a407 282esc
100 1 _aCarlino, Paula
245 1 0 _aEscribir, leer y aprender en la universidad :
_buna introducción a la alfabetización académica
250 _a1ra. ed., 6§ reimpr.
260 _aBuenos Aires :
_bFondo de Cultura Económica,
_c2012.
300 _a200 p. :
_btbls.
520 _aExamina los supuestos por los cuales las tareas de lectura y escritura no forman parte de los programas terciarios y universitarios y propone un punto de vista diferente: los docentes de todos los niveles y orientaciones deben ocuparse de la "alfabetización académica" en su campo de especialización.
650 4 _aALFABETIZACION
650 4 _aENSEÑANZA
650 4 _aESCRITURA
650 4 _aINSTITUCIONES DE ENSEÑANZA SUPERIOR
650 4 _aLECTURA
650 4 _aUNIVERSIDADES
651 4 _aDOCUMENTOS TEORICOS O METODOLOGICOS
653 _aCOMPRENSION LECTORA
653 _aLECTOESCRITURA
905 _a44199
942 _cLIB
999 _c7489
_d7489